Central Library OPAC University of Rajshahi

Legal anthropology / (Record no. 2154)

MARC details
000 -LEADER
fixed length control field 00937cam a2200277 a 4500
001 - CONTROL NUMBER
control field 2154
003 - CONTROL NUMBER IDENTIFIER
rucl marc code BD-RjUL
005 - DATE AND TIME OF LATEST TRANSACTION
control field 20211208233508.0
008 - FIXED-LENGTH DATA ELEMENTS--GENERAL INFORMATION
fixed length control field 131210s1994 cau b 001 0 eng d
020 ## - INTERNATIONAL STANDARD BOOK NUMBER
International Standard Book Number 0804719314
035 ## - SYSTEM CONTROL NUMBER
System control number (BD-RjULL)2181
040 ## - CATALOGING SOURCE
Original cataloging agency DLC/MoSU-L
Transcribing agency MoSU-L
Modifying agency DLC
-- BD-RjUL
Language of cataloging eng
041 1# - LANGUAGE CODE
Language code of text/sound track or separate title eng
Language code of original fre
082 ## - DEWEY DECIMAL CLASSIFICATION NUMBER
Edition number 19
Classification number 340.115
Author mark and year ROL 1994
100 1# - MAIN ENTRY--PERSONAL NAME
Personal name Rouland, Norbert.
9 (RLIN) 7059
245 10 - TITLE STATEMENT
Title Legal anthropology /
Statement of responsibility, etc. Norbert Rouland ; translated by Philippe G. Planel.
260 ## - PUBLICATION, DISTRIBUTION, ETC. (IMPRINT)
Place of publication, distribution, etc. Stanford, Calif. :
Name of publisher, distributor, etc. Stanford University Press,
Date of publication, distribution, etc. 1994.
300 ## - PHYSICAL DESCRIPTION
Pagination viii, 352 p. ;
Size 23 cm.
500 ## - GENERAL NOTE
General note "Originating publisher of the English edition: The Athlone Press, London"--T.p. verso.
504 ## - BIBLIOGRAPHY, ETC. NOTE
Bibliography, etc Includes bibliographical references (p. 7-16) and index.
650 #0 - SUBJECT ADDED ENTRY--TOPICAL TERM
Topical term or geographic name as entry element Ethnological jurisprudence.
9 (RLIN) 7060
942 ## - ADDED ENTRY ELEMENTS (KOHA)
Source of classification or shelving scheme Dewey Decimal Classification
Koha item type Books
Holdings
Lost status Source of classification or shelving scheme Damaged status Not for loan Collection code Permanent Location Current Location Shelving location Date acquired Source of acquisition Cost, normal purchase price Total Checkouts Full call number Date last seen Date checked out Copy number Koha item type
  Dewey Decimal Classification     Non-fiction Central Library, University of Rajshahi Central Library, University of Rajshahi   20/08/2007 Paragon enter prises 59.40 1 340.115 ROL 1994 13/05/2018 26/04/2018 C-3 Books